<?xml version="1.0" encoding="UTF-8"?>
<marc:record xmlns:marc="http://www.loc.gov/MARC21/slim">
   <marc:leader>00000nam a2200000 a 4500</marc:leader>
   <marc:datafield ind1="1" ind2=" " tag="100">
      <marc:subfield code="a">Kankimäki, Mia</marc:subfield>
      <marc:subfield code="4">aut</marc:subfield>
      <marc:subfield code="e">Verfasser/-in</marc:subfield>
   </marc:datafield>
   <marc:datafield ind1="0" ind2="0" tag="245">
      <marc:subfield code="a">Dinge, die das Herz höher schlagen lassen</marc:subfield>
   </marc:datafield>
   <marc:datafield ind1="0" ind2="0" tag="245">
      <marc:subfield code="c">Mia Kankimäki</marc:subfield>
   </marc:datafield>
   <marc:datafield ind1=" " ind2="1" tag="264">
      <marc:subfield code="a">München</marc:subfield>
      <marc:subfield code="b">btb</marc:subfield>
      <marc:subfield code="c">2021</marc:subfield>
   </marc:datafield>
   <marc:datafield ind1="1" ind2=" " tag="520">
      <marc:subfield code="a">Angaben aus der Verlagsmeldung

Dinge, die das Herz höher schlagen lassen Asioita jotka saavat sydämen lyömään nopeammin / von Mia Kankimäki

In ihrem unbändigen Hunger nach Freiheit bricht Mia Kankimäki aus ihrem Leben aus und beginnt ein riesiges Abenteuer: Sie reist nach Kyoto, lässt sich einfangen von Tempeln, Kirschblüten, Kabuki-Theater, Zen-Meditation und Teestuben. Und von einer faszinierenden Frau, die ihr zur feinsinnigen und gewitzten Seelenschwester wird: Sei Shōnagon, der Hofdame, die vor mehr als 1000 Jahren am japanischen Kaiserhof Kaiserin Sadako diente, eine so selbstbewusste wie raffiniert-ironische Schriftstellerin war und deren »Kopfkissenbuch« heute zu den Klassikern der Weltliteratur gehört. Geleitet von den Spuren der Seelenverwandten entdeckt Mia Kankimäki die subversive Kraft, die in der Liebe liegt, Listen von Dingen zu erstellen, die charmant, delikat, nervig oder elegant sind – und die das Herz höher schlagen lassen...

</marc:subfield>
   </marc:datafield>
   <marc:datafield ind1=" " ind2=" " tag="020">
      <marc:subfield code="a">9783442719341</marc:subfield>
      <marc:subfield code="9">9783442719341</marc:subfield>
   </marc:datafield>
   <marc:datafield ind1=" " ind2=" " tag="020">
      <marc:subfield code="a">3442719348</marc:subfield>
      <marc:subfield code="9">3442719348</marc:subfield>
   </marc:datafield>
   <marc:datafield ind1=" " ind2=" " tag="041">
      <marc:subfield code="a">ger</marc:subfield>
   </marc:datafield>
   <marc:datafield ind1=" " ind2=" " tag="300">
      <marc:subfield code="a">519 Seiten</marc:subfield>
   </marc:datafield>
</marc:record>
